Statistics for Bayern Munich most G+A each season 2020s

Click here to take the quiz!

General Stats

  • This quiz has been taken 23 times
  • The average score is 11 of 12

Answer Stats

2020sAnswer% Correct
2019-20
65
Robert Lewandowski
96%
2020-21
54
Robert Lewandowski
96%
2021-22
56
Robert Lewandowski
96%
2019-20
40
Thomas Muller
96%
2020-21
37
Thomas Muller
96%
2021-22
34
Thomas Muller
96%
2022-23
15
Thomas Muller
96%
2021-22
29
Leroy Sane
87%
2019-20
36
Serge Gnabry
83%
2022-23
19
Serge Gnabry
83%
2022-23
22
Jamal Musiala
78%
2020-21
21
Kingsley Coman
74%

Score Distribution

Percentile by Number Answered

Percent of People with Each Score

Your Score History

You have not taken this quiz